| 000 | 00740nam a22002177a 4500 | ||
|---|---|---|---|
| 999 |
_c24848 _d24848 |
||
| 003 | OSt | ||
| 005 | 20190925113543.0 | ||
| 008 | 160819b xxu||||| |||| 00| 0 eng d | ||
| 038 | _aNusrat Nadeem | ||
| 040 | _cRCMS | ||
| 082 | _a615.19 | ||
| 100 |
_aEdward Kerns and Li Di _921364 |
||
| 245 |
_aDrug-Like Properties : Concepts, Structure Design and Methods from ADME to Toxicity Optimization _cLi Di Kerns. |
||
| 250 | _a2nd.ed. | ||
| 260 |
_aUSA _bAcademic Press _cc2016 |
||
| 300 |
_a580,p _bill: _c25,cm. |
||
| 538 | _iBioinformatics Lab(photocopy Book) | ||
| 650 |
_xDrugs -- Structure-activity relationships. _921366 |
||
| 856 |
_3Table of contents only _uhttp://www.loc.gov/catdir/toc/ecip0716/2007017469.html |
||
| 942 |
_2ddc _cBK |
||